000 00638nam a22001697a 4500
005 20251108171201.0
008 250721s1995 xx 000 0 ara d
082 1 4 _a210.4234/موج
245 1 0 _aالموجز في الحقوق في الإسلام /
264 1 _aعمان :
_bالمجمع الملكي لبحوث الحضارة الإسلامية_ مؤسسة آل البيت،
_c1995.
300 _a126ص.
490 0 _aسلسلة ندوات الحوار بين المسلمين
650 1 7 _aالإسلام و حقوق الإنسان
650 1 7 _aحقوق الإنسان في الإسلام
942 _2ddc
_cBK
999 _c58758
_d58758